000 00444nam a2200169Ia 4500
999 _c11921
_d11921
082 _a342.54 SHA-C
100 _aSharma, M.P;
245 0 _aConcept of equality in the Indian constitution
260 _aAligarh
_bAman Publication
_c1983
300 _a263p.
504 _aIncludes bibliography
650 _aConstitutions - India
650 _aEquality - India
650 _aLaw - India
650 _aHuman rights - India
942 _cBK
_2ddc